000 00984nam a2200289 i 4500
001 000047266
003 DO-SdBNP
005 20231026111508.0
007 ta
008 150724s1999 dr ab 000 0 spa d
020 _a9789945195033 (v.1)
020 _a978994519071(v.2)
040 _aDO-SdBNP
_bspa
_cBNPHU
_erda
082 4 _222
100 1 _aNuñez, Paula
_974972
_eautora
245 1 0 _aEducación inicial 3 años :
_bvesión cursiva /
_cPaula Núñez, Elizabeth Martínez ; ilustración, Ruddy Núñez ; editora, Claudia Libre.
264 _aSanto Domingo :
_bsantillana,
_c1999.
300 _avolumen:
_bilustraciones ;
_c28 cm. +
_eCD-ROM
490 _aProyecto Quiero
505 0 _av. 1 --
_tLibro de texto --
_gv. 2 --
_tGuía de recursos didácticos
590 _aInventariado, 2018/VM
700 1 _aMartínez, Elizabeth
_974973
700 1 _aNúñez, Ruddy,
_eilustraciones
_923171
700 1 _aLibre, Claudia,
_eeditora
_930469
910 _aV/M
942 _2ddc
_cLBS1
999 _c46754
_d46754